000 00486nam a2200181Ia 4500
001 926
005 20260306140554.0
008 260306t2010||||xx |||||||||||||| ||spa||
041 _aESP
082 _a174.4
_bC87
100 _aCrane, Andrew
_eAUT
245 0 _aBusiness ethics:
_bmanaging corporate citizenship and Sustainability in the age of globalization
260 _c2010
300 _axxix, 614 páginas :
_c24 cm.
650 _aGEN
654 _aCHU
942 _cLIB
_dJUS
_fJUS
_2ddc
_n
999 _c926
_d926